[Event "Sao Bernardo do Campo op"]
[Site "Sao Bernardo do Campo"]
[Date "2013.05.26"]
[Round "5"]
[White "Venancio, Bruna Fernanda"]
[Black "Dinegri, Rodrigo"]
[Result "0-1"]
[WhiteElo "1836"]
[BlackElo "1621"]
[PlyCount "92"]
[EventDate "2013.05.24"]
[EventType "swiss"]
[EventRounds "6"]
[EventCountry "BRA"]
[SourceTitle "CBM 154 Extra"]
[Source "ChessBase"]
[SourceDate "2013.06.25"]
[SourceVersion "2"]
[SourceVersionDate "2013.06.25"]
[SourceQuality "1"]

1. e4 c5 2. Nf3 d6 3. d4 cxd4 4. Nxd4 Nf6 5. Nc3 a6 6. Bc4 e6 7. 0-0 b5 8. Bd3 Bb7 9. a3 Be7 10. Be3 Nbd7 11. Nf3 0-0 12. h3 Rc8 13. Re1 Nb6 14. e5 dxe5 15. Nxe5 Nbd5 16. Nxd5 Qxd5 17. Nf3 Rfd8 18. Qe2 Qc6 19. Bg5 h6 20. Bh4 g5 21. Bg3 Bd6 22. Bxd6 Rxd6 23. Rac1 Rcd8 24. Qe5 Nd7 25. Qe4 Qxe4 26. Bxe4 Bxe4 27. Rxe4 Nb6 28. b3 Rd1+ 29. Rxd1 Rxd1+ 30. Re1 Rd6 31. Kf1 f6 32. g3 h5 33. Rc1 Kf7 34. Ke2 e5 35. Nd2 f5 36. c4 bxc4 37. Nxc4 Nxc4 38. Rxc4 e4 39. Rc3 Kf6 40. f3 exf3+ 41. Kxf3 h4 42. gxh4 gxh4 43. Ke3 Kg5 44. b4 Rd1 45. Kf2 Rd2+ 46. Kf3 Rh2 0-1

[Event "Sao Bernardo do Campo op"]
[Site "Sao Bernardo do Campo"]
[Date "2012.10.16"]
[Round "6"]
[White "Venancio, Bruna Fernanda"]
[Black "Cadilhac, Igor Tokuichi Kikuc"]
[Result "0-1"]
[WhiteElo "1888"]
[BlackElo "1832"]
[PlyCount "97"]
[EventDate "2012.09.14"]
[EventType "swiss"]
[EventRounds "6"]
[EventCountry "BRA"]
[SourceTitle "CBM 150 Extra"]
[Source "ChessBase"]
[SourceDate "2012.10.19"]
[SourceVersion "1"]
[SourceVersionDate "2012.10.19"]
[SourceQuality "1"]

1. e4 c5 2. Nf3 d6 3. d4 cxd4 4. Nxd4 Nf6 5. Nc3 g6 6. Be3 Bg7 7. Bc4 0-0 8. 0-0 Nc6 9. h3 Nd7 10. Rb1 h6 11. Qd2 Nde5 12. Be2 Nxd4 13. Bxd4 Qc7 14. Nd5 Qd8 15. Qc3 Be6 16. Nc7 Rc8 17. Nxe6 fxe6 18. Qb3 Qd7 19. Bxa7 b5 20. Bd4 Nc4 21. Bxc4 Rxc4 22. Bxg7 Kxg7 23. f3 Rfc8 24. c3 R8c5 25. Rbd1 Qc7 26. a3 Rh5 27. Rd4 Qc5 28. Kh1 Rxd4 29. cxd4 Qxd4 30. Qxe6 Re5 31. Qb3 Rg5 32. Rc1 Rxg2 33. Kxg2 Qd2+ 34. Kg3 Qxc1 35. Qc3+ Qxc3 36. bxc3 Kf6 37. f4 e5 38. Kf3 h5 39. h4 exf4 40. Kxf4 Ke6 41. Kg5 Kf7 42. Kh6 Kf6 43. Kh7 g5 44. Kh6 g4 45. Kxh5 g3 46. Kg4 g2 47. Kf3 g1Q 48. h5 Qg5 49. h6 0-1

[Event "BRA-ch U18 Girls"]
[Site "Sao Paulo"]
[Date "2012.05.01"]
[Round "7"]
[White "Venancio, Bruna Fernanda"]
[Black "Tamarozi, Isabelle"]
[Result "1/2-1/2"]
[WhiteElo "1897"]
[BlackElo "1685"]
[PlyCount "74"]
[EventDate "2012.04.28"]
[EventType "swiss"]
[EventRounds "7"]
[EventCountry "BRA"]
[SourceTitle "CBM 148 Extra"]
[Source "ChessBase"]
[SourceDate "2012.06.22"]
[SourceVersion "1"]
[SourceVersionDate "2012.06.22"]
[SourceQuality "1"]

1. e4 c5 2. Nf3 d6 3. d4 cxd4 4. Nxd4 Nf6 5. Nc3 g6 6. Be2 Bg7 7. Be3 Nc6 8. 0-0 0-0 9. h3 d5 10. exd5 Nxd5 11. Nxd5 Qxd5 12. Nxc6 Qxc6 13. c3 Bf5 14. Qb3 Be6 15. Qb5 Qc7 16. Rfd1 b6 17. Qb4 Bf6 18. Bg4 Bxg4 19. Qxg4 Rfd8 20. Qf3 a6 21. Bf4 Qc4 22. Qe3 b5 23. a3 Qa4 24. Rd2 a5 25. Rad1 e6 26. Bg5 Qxd1+ 27. Rxd1 Rxd1+ 28. Kh2 Bg7 29. Qf3 Rd5 30. g3 Ra7 31. Be3 Rad7 32. Kg2 a4 33. Qe2 Rc7 34. Bd2 Rc4 35. h4 Rc8 36. Be3 Rc4 37. Bd2 Rc8 1/2-1/2

[Event "BRA-ch U18 Girls"]
[Site "Sao Paulo"]
[Date "2012.04.29"]
[Round "4"]
[White "Venancio, Bruna Fernanda"]
[Black "Schultz, Rauanda"]
[Result "1/2-1/2"]
[WhiteElo "1897"]
[BlackElo "1748"]
[PlyCount "105"]
[EventDate "2012.04.28"]
[EventType "swiss"]
[EventRounds "7"]
[EventCountry "BRA"]
[SourceTitle "CBM 148 Extra"]
[Source "ChessBase"]
[SourceDate "2012.06.22"]
[SourceVersion "1"]
[SourceVersionDate "2012.06.22"]
[SourceQuality "1"]

1. e4 c6 2. Nf3 d5 3. exd5 cxd5 4. d4 Bf5 5. c3 a6 6. Qb3 Nf6 7. Bf4 b5 8. Nbd2 Nc6 9. Be2 e6 10. 0-0 Nh5 11. Be3 Bd6 12. Ne5 Nxe5 13. dxe5 Bxe5 14. Bxh5 Qh4 15. Nf3 Bxh2+ 16. Nxh2 Qxh5 17. Qd1 Qg6 18. Re1 Rc8 19. Bf4 Rd8 20. Qf3 h6 21. Rad1 Kf8 22. Qg3 Qh7 23. Be5 f6 24. Bd6+ Kf7 25. Nf3 g5 26. Nd4 Rhe8 27. Nc6 Rd7 28. Nb8 Ra7 29. Bc5 Ra8 30. Qc7+ Kg8 31. Nd7 Qf7 32. Qd6 Rad8 33. Nxf6+ Qxf6 34. Qxa6 Rb8 35. Bd4 Qf7 36. Qd6 Rbd8 37. Qe5 Qh7 38. f3 g4 39. fxg4 Bxg4 40. Rd2 Rf8 41. Bc5 Rf7 42. Rd4 Bf5 43. Rf4 Qg6 44. Bd4 Kf8 45. Qh8+ Ke7 46. Bc5+ Kd7 47. Qe5 Rg7 48. Qd6+ Ke8 49. Qf8+ Kd7 50. Qd6+ Kc8 51. Qc6+ Rc7 52. Qa6+ Rb7 53. Qc6+ 1/2-1/2

[Event "BRA-ch U18 Girls"]
[Site "Sao Paulo"]
[Date "2012.04.28"]
[Round "2"]
[White "De Souza, Camila dos Santos"]
[Black "Venancio, Bruna Fernanda"]
[Result "1-0"]
[WhiteElo "1815"]
[BlackElo "1897"]
[PlyCount "97"]
[EventDate "2012.04.28"]
[EventType "swiss"]
[EventRounds "7"]
[EventCountry "BRA"]
[SourceTitle "CBM 148 Extra"]
[Source "ChessBase"]
[SourceDate "2012.06.22"]
[SourceVersion "1"]
[SourceVersionDate "2012.06.22"]
[SourceQuality "1"]

1. c4 e5 2. Nc3 Nf6 3. g3 Bc5 4. Bg2 0-0 5. e3 c6 6. d3 d6 7. Nf3 Bg4 8. Qc2 Qc7 9. 0-0 Nbd7 10. Rb1 Bb6 11. b4 Rac8 12. a4 a5 13. b5 d5 14. Ba3 Rfe8 15. h3 Bh5 16. Nh4 d4 17. exd4 exd4 18. Ne4 Nxe4 19. Bxe4 c5 20. Bc1 Ne5 21. f4 Ng6 22. Nf5 Ne7 23. Nxe7+ Rxe7 24. g4 f5 25. Bxf5 Rce8 26. gxh5 Re2 27. Qd1 Qf7 28. Bg4 R2e7 29. Rb2 Qf6 30. Qf3 Qh4 31. Qf2 Qf6 32. Re2 Rxe2 33. Bxe2 Qf5 34. Qf3 Qe6 35. Bd1 Kh8 36. Bd2 Qf7 37. Rf2 Bd8 38. Rg2 Bf6 39. Bxa5 Re3 40. Qg4 Rxd3 41. Qc8+ Qg8 42. Qxg8+ Kxg8 43. Bg4 Ra3 44. Be6+ Kf8 45. Bb6 Rxa4 46. Bxc5+ Ke8 47. Re2 Ra1+ 48. Kg2 Rd1 49. Bg4+ 1-0